书目信息

书名: 汽车维修入门 
作者: 吴心平 主编
出版信息: 北京   机械工业出版社  2014
开本页数: 21cm  342页
丛书名: 上岗之路
单 册:
中图分类: U472
科图分类:
主题词: 汽车--qi che--维修--基本知识
电子资源:
ISBN: 978-7-111-45865-4
000 00940nam0 2200265 45
001 012014000000
005 20140820121212.0
010    @a978-7-111-45865-4@dCNY29.80
100    @a20140820d2014 em y0chiy50 ea
101 @achi
102    @aCN@b110000
105    @aa a 000yy
106    @ar
200 @a汽车维修入门@Aqi che wei xiu ru men@f吴心平主编
210    @a北京@c机械工业出版社@d2014
215    @a342页@c图@d21cm
225 @a上岗之路@Ashang gang zhi lu
320    @a有书目 (第342页)
330    @a本书紧紧围绕汽车维修一线员工所需的理论知识与操作技能,详细介绍了汽车结构、汽车维修工具和量具、汽车维修基础知识、汽车发动机维修、汽车底盘维修、汽车主要电控系统维修、汽车故障诊断、汽车钣金与涂装、汽车美容等知识。
410  0 @12001 @a上岗之路
606 @a汽车@Aqi che@x维修@x基本知识
690    @aU472@v5
701  0 @a吴心平@Awu xin ping@4主编
801  0 @aCN@bCDNYKJZYXY@c20140820
905    @aCDNYKJZYXY@dU472@e441@f3
    
    汽车维修入门/吴心平主编.-北京:机械工业出版社,2014
    342页:图;21cm.-(上岗之路)
    
    
    ISBN 978-7-111-45865-4:CNY29.80
    本书紧紧围绕汽车维修一线员工所需的理论知识与操作技能,详细介绍了汽车结构、汽车维修工具和量具、汽车维修基础知识、汽车发动机维修、汽车底盘维修、汽车主要电控系统维修、汽车故障诊断、汽车钣金与涂装、汽车美容等知识。
相关链接 在五车中查询图书 在当当中查询图书 在豆瓣中查询图书


正题名:汽车维修入门     索取号:U472/441         预约/预借

序号 登录号 条形码 馆藏地/架位号 状态 备注
1 474166   300474166   柳城-4楼/70架2列4层/ [索取号:U472/441] 在馆    
2 474167   300474167   柳城-4楼/70架2列4层/ [索取号:U472/441] 在馆    
3 474168   300474168   海科密-1楼/51架6列6层/ [索取号:U472/441] 在馆